| 000 | 00795nam a2200241 a 4500 | ||
|---|---|---|---|
| 999 |
_c20014 _d20014 |
||
| 005 | 20191217042717.0 | ||
| 008 | 171204b ck bd||fr|||| 00| 0 spa d | ||
| 020 | _a9789589816672 | ||
| 040 |
_aCO-BoIAVH _cCO-BoIAVH |
||
| 041 | 0 | _aspa | |
| 044 | _ack | ||
| 082 | 0 | 4 |
_a351.3 _bF44i |
| 110 | _aUniversidad Tecnológica de Pereira | ||
| 245 | 1 |
_aFichas municipales de la ecorregión Eje Cafetero : _bInformación municipal para la toma de decisiones |
|
| 260 |
_aColombia : _bUniversidad Tecnológica de Pereira , _cs,f |
||
| 300 |
_a42 páginas. _bmapas y gráficas a color. _c22 x 28 cm. |
||
| 650 | 2 | 6 | _aRisaralda |
| 650 | 2 | 6 | _aTolima |
| 650 | 2 | 6 | _aQuindio |
| 650 | 2 | 6 | _aGestión pública |
| 650 | 2 | 6 | _aPoblación |
| 942 |
_2ddc _cLIBRO |
||